| 000 | 01027nam a2200253 a 4500 | ||
|---|---|---|---|
| 001 | BRL_221 | ||
| 005 | 20190320210636.0 | ||
| 008 | 921221s1992 u--a#####c---#000-0#eng-# | ||
| 020 | _a0910763070 | ||
| 041 | _aeng | ||
| 044 | _au | ||
| 050 | 4 |
_aNK841 _b.L58 1992 |
|
| 245 | 1 | 0 |
_aLiving traditions _bmexican popular arts _corganized by the University Art Museum, University at Albany, State University of New York ; guest curator/essayist, Marta Turok ; with text and essay by Annie O´Neill ; Mario Dougherty, project director. |
| 260 |
_aEstados Unidos _bAlbany´s Art Museum _cc1992 |
||
| 300 |
_a87 p. _bil. (algunas a color) _c29 cm. |
||
| 500 | _aCatálogo de la exposición realizada en Albany´s Art Museum, 15 septiembre - 22 noviembre | ||
| 500 | _aAu300 | ||
| 650 | 1 | 4 |
_aArte popular _xHistoria _ySiglo XX _zMéxico _923268 |
| 700 | 1 |
_aTurok, Marta _923269 |
|
| 700 | 1 |
_aO´Neill, Annie _923270 |
|
| 710 | 2 |
_aState University of New York at Albany _bUniversity Art Museum _923271 |
|
| 902 | _aGRL | ||
| 942 |
_2lcc _cB |
||
| 999 |
_c9034 _d9034 |
||